000 00393nam a2200145Ia 4500
008 231129s2013||||xx |||||||||||||| ||spa||
020 _a978-958-44-9341-5
040 _bspa
082 _aCo863 A963a
100 _aAvski Joseph
245 2 _aA un Paso de Juárez
260 _c2013
264 _aBogotá Colombia : El Peregrino Ediciones
942 _2ddc
_cBKS
999 _c4318
_d4318